<?xml version="1.0" encoding="UTF-8"?>
<record
    xmlns:xsi="http://www.w3.org/2001/XMLSchema-instance"
    xsi:schemaLocation="http://www.loc.gov/MARC21/slim http://www.loc.gov/standards/marcxml/schema/MARC21slim.xsd"
    xmlns="http://www.loc.gov/MARC21/slim">

  <leader>04311cam a22003974a 4500</leader>
  <controlfield tag="001">13486770</controlfield>
  <controlfield tag="003">OSt</controlfield>
  <controlfield tag="005">20210414114456.0</controlfield>
  <controlfield tag="008">040210s2004    nyua     b    001 0 eng  </controlfield>
  <datafield tag="010" ind1=" " ind2=" ">
    <subfield code="a">  2004003132</subfield>
  </datafield>
  <datafield tag="020" ind1=" " ind2=" ">
    <subfield code="a">1593850107 (pbk. : alk. paper)</subfield>
  </datafield>
  <datafield tag="040" ind1=" " ind2=" ">
    <subfield code="a">DLC</subfield>
    <subfield code="c">DLC</subfield>
    <subfield code="d">DLC</subfield>
  </datafield>
  <datafield tag="042" ind1=" " ind2=" ">
    <subfield code="a">pcc</subfield>
  </datafield>
  <datafield tag="050" ind1="0" ind2="0">
    <subfield code="a">HD30.3.D68 </subfield>
  </datafield>
  <datafield tag="082" ind1="0" ind2="0">
    <subfield code="a">658.4/5</subfield>
    <subfield code="2">22</subfield>
  </datafield>
  <datafield tag="100" ind1="1" ind2=" ">
    <subfield code="a">Downs, Cal W.</subfield>
    <subfield code="d">1936-</subfield>
  </datafield>
  <datafield tag="245" ind1="1" ind2="0">
    <subfield code="a">Assessing organizational communication : strategic communication audits. /</subfield>
    <subfield code="c">Cal W. Downs</subfield>
  </datafield>
  <datafield tag="260" ind1=" " ind2=" ">
    <subfield code="a">New York :</subfield>
    <subfield code="b">Guilford Press,</subfield>
    <subfield code="c">2004.</subfield>
  </datafield>
  <datafield tag="300" ind1=" " ind2=" ">
    <subfield code="a">xi,292 p. :</subfield>
    <subfield code="b">ill.;</subfield>
    <subfield code="c">25cm.</subfield>
  </datafield>
  <datafield tag="440" ind1=" " ind2="4">
    <subfield code="a">The Guilford communication series</subfield>
  </datafield>
  <datafield tag="500" ind1=" " ind2=" ">
    <subfield code="a">Includes bibliographical references  and indexes.</subfield>
  </datafield>
  <datafield tag="505" ind1="0" ind2=" ">
    <subfield code="a">Contents: Communication audits as organizational development: Communication in the work organization -- Nature of communication assessments -- Characteristics of communication assessments -- Management rationale for assessments -- Contributions of the auditing process to the auditor -- Conclusion -- Initiating and planning an assessment: Phase 1: Initiation -- Phase 2: Planning -- A matter of perspective -- An important opportunity -- Conclusion -- Conducting team audits --  Basic considerations -- Initiation phase -- Planning phase -- Data collection phase -- Interpretation phase -- Final report phase -- Special instructions for audit classes -- Conclusion -- Choosing focal areas to assess: Steps in choosing focal areas -- Conclusion -- The interview: The most basic assessment technology: Advantages of interviews -- Limitations of interviews -- Scheduling two rounds of interviews -- Interviewee selection -- Scheduling time and place -- Conducting the interviews -- Recording information quickly and systematically -- Synthesizing the response data -- Examples of audit conclusions -- Conclusion -- Diagnosis through questionnaires: Designing a questionnaire -- Administering the questionnaire -- Analyzing  the questionnaire data -- Conclusion -- The International Communication Association Survey: An overview of the survey -- Analysis and interpretation -- Advantages of the ICA survey -- Vulnerabilities of the ICA survey -- Conclusion -- Downs-Hazen Communication Satisfaction Questionnaire  --  Historical development -- Overview of the questionnaire -- Analysis -- Instrument evaluation -- Research trends -- Critical Communication Experience Survey: Advantage of the method -- The basic form -- Administering the questionnaire -- Analyzing the data -- Interpreting the results -- Conclusion -- ECCO analysis: Designing the ECCO questionnaire -- Administering the questionnaire -- Analyzing the data -- Drawing conclusions -- Advantages of ECCO analysis -- Limitations of ECCO analysis -- Conclusion -- Diagnosing communication networks --  Why study networks -- Ways of describing communication links -- Topical networks -- Conducting a communication network study -- Conclusion -- Focus group interviews: History -- Nature of the focus group interview -- Advantages of focus groups -- Challenges of focus groups -- Focus group protocols -- Facilitating a focus group -- Analyzing the focus data -- Avoiding common analytic problems -- Preparing a final report -- Conclusion -- Final analysis and interpretation: Nature of interpretation -- Relation of theory to audit -- Conclusion -- The final report: Preparing the report -- Communicating the report -- Conclusion.</subfield>
  </datafield>
  <datafield tag="650" ind1=" " ind2="0">
    <subfield code="a">Communication in organizations</subfield>
    <subfield code="x">Auditing.</subfield>
  </datafield>
  <datafield tag="650" ind1=" " ind2="0">
    <subfield code="a">Management audit.</subfield>
  </datafield>
  <datafield tag="650" ind1=" " ind2="0">
    <subfield code="a">Communication in management.</subfield>
  </datafield>
  <datafield tag="650" ind1=" " ind2="0">
    <subfield code="a">Intercultural communication.</subfield>
  </datafield>
  <datafield tag="650" ind1=" " ind2="0">
    <subfield code="a">Organizational effectiveness</subfield>
    <subfield code="x">Evaluation.</subfield>
  </datafield>
  <datafield tag="700" ind1="1" ind2=" ">
    <subfield code="a">Adrian, Allyson D.</subfield>
  </datafield>
  <datafield tag="856" ind1="4" ind2="2">
    <subfield code="3">Contributor biographical information</subfield>
    <subfield code="u">http://www.loc.gov/catdir/bios/guilford051/2004003132.html</subfield>
  </datafield>
  <datafield tag="856" ind1="4" ind2="2">
    <subfield code="3">Publisher description</subfield>
    <subfield code="u">http://www.loc.gov/catdir/description/guilford051/2004003132.html</subfield>
  </datafield>
  <datafield tag="856" ind1="4" ind2="1">
    <subfield code="3">Table of contents</subfield>
    <subfield code="u">http://www.loc.gov/catdir/toc/ecip0415/2004003132.html</subfield>
  </datafield>
  <datafield tag="856" ind1="4" ind2="1">
    <subfield code="3">Sample text</subfield>
    <subfield code="u">http://www.loc.gov/catdir/enhancements/fy0650/2004003132-s.html</subfield>
  </datafield>
  <datafield tag="906" ind1=" " ind2=" ">
    <subfield code="a">7</subfield>
    <subfield code="b">cbc</subfield>
    <subfield code="c">orignew</subfield>
    <subfield code="d">1</subfield>
    <subfield code="e">ecip</subfield>
    <subfield code="f">20</subfield>
    <subfield code="g">y-gencatlg</subfield>
  </datafield>
  <datafield tag="942" ind1=" " ind2=" ">
    <subfield code="2">lcc</subfield>
    <subfield code="c">BK</subfield>
  </datafield>
  <datafield tag="999" ind1=" " ind2=" ">
    <subfield code="c">5667</subfield>
    <subfield code="d">13167</subfield>
  </datafield>
  <datafield tag="952" ind1=" " ind2=" ">
    <subfield code="0">0</subfield>
    <subfield code="1">0</subfield>
    <subfield code="2">lcc</subfield>
    <subfield code="4">0</subfield>
    <subfield code="7">0</subfield>
    <subfield code="a">WIUC-1</subfield>
    <subfield code="b">WIUC-1</subfield>
    <subfield code="c">REF</subfield>
    <subfield code="d">2015-07-23</subfield>
    <subfield code="l">0</subfield>
    <subfield code="o">HD30.3.D68</subfield>
    <subfield code="p">7824/251/15</subfield>
    <subfield code="r">2015-07-23 00:00:00</subfield>
    <subfield code="w">2015-07-23</subfield>
    <subfield code="y">BK</subfield>
  </datafield>
</record>
